000 00679nam a22001937a 4500
999 _c189669
_d189669
005 20220711110416.0
010 _aUR-11636
020 _a9789392496776
_c450.00
035 _aU-10191
037 _bDBAD/PUB
_a-
082 _a843.08
100 _aتسنیم با نو
245 _aتحریک نسواں اور خواتین افسا نہ نگار /
_cتسنیم با نو
246 _aTehreek-E-Niswan Aur Khawateen Afsana Nigar /
_bby Tasneem Bano
260 _aNew Delhi
_bEducational Publishing House
_c2021 ء
270 _aH.o. D1/16, Ansari Road, Daryaganj
_bNew Delhi
_e110002
300 _a312 ص
_c22cm(Hb)
942 _2ddc
_cUR
_h843.08
_mت س ن